000 00593nam a2200169 4500
001 127149
003 ES-MaACL
005 20230906192943.0
007 t|
008 070214s1960 sp r ||||1| spa d
100 1 _aRiccardi, Riccardo.
_996873
245 1 0 _aCómo dirigir una reunión e informar ante un grupo
_b: guía práctica /
_cpreparada por Riccardo Riccardi ; traducido de la segunda edición italiana por Gregorio San Juan.
260 _aBilbao :
_bDeusto,
_c1960.
300 _a149 p. ;
_c19 cm.
700 1 _aSan Juan, Gregorio.
_9102248
852 _aES-MaACL
_jC-18684
_bR.46922
999 _c127149
_d127149